000 00608nam a2200217 a 4500
005 20160107101954.0
008 140114b1996 ck ||||| |||| 00| 0 spa d
040 _aCO-BoIAVH
_cCO-BoIAVH
041 _aspa
082 _a634.956
_bC75l
110 _bCorporación Nacional de Investigación y Fomento Forestal
_93924
245 _aLatifoliadas zona alta
260 _aBogotá
_bCONIF
_c1996
300 _a68 paginas
650 6 _aPlantas leñosas
_93925
650 6 _aArboles
_948041
650 6 _aNogales
_93926
650 _aAlisos
_93927
650 6 _aAprovechamiento forestal
_948042
942 _cLIBRO
_2ddc
999 _c141
_d141